000 01789nam a2200385 c 4500
999 _c187968
_d187968
003 BLK
005 20250330004147.0
008 180411b bul|||||r ||||||| ||bul||
010 _aKNG00196986000
040 _aBLK
041 _aBUL
_cBUL
080 _aФренска литература
_b821.133.1
_x(081.2)
_z821.133.1(081.2)
080 _aФренска литература
_b821.133.1
_x-31
_z821.133.1-31
080 _aФренска литература
_b821.133.1
_x-32
_z821.133.1-32
100 1 _aСтендал
_eпърви автор
_gБейл, Анри Мари
_9124099
139 _aСтендал
_bС 75
245 1 0 _aИзбрани творби
_bВ 4 т. За том: Роман
_cСтендал; прев. на том Атанас Христов Далчев; с послесл. от на том Борис Г. Реизов.
_nТ. 2
_pПармският манастир
257 _aFRA
260 _bНар. култура
_c1982 -
_aСофия
300 _c21 см
_a752 с.
380 _aX
500 _a100 125 тир.
505 _gНовели
_tИталиански хроники
700 _aДалчев, Атанас Христов
_d1904-1978
_gПоет. Преводач от английски, френски, немски, испански, руски, гръцки и унгарски език.
_9363753
700 1 _aРеизов, Борис Г.
_eс послесл. от на том
_9115777
760 1 _aСтендал
_d1982
_h752 с.
_tТ. 2 Пармският манастир
852 _aЦб 116304
_bЦб
856 4 _qpdf
856 4 _qpdf
942 _cKNG
_n0
_02
_s1
944 _aCR
_c29.11.2016
_k
_lCRON CRON
944 _aED
_c29.11.2016
_kПравда_Бадева
944 _aED
_c2022-04-18
_kВП
999 _d187968